Faith and health /

Saved in:
书目详细资料
主要作者: Brown, Charles Reynolds, 1862-1950.
格式: 图书
语言:English
出版: New York : T.Y. Crowell, 1910.
丛编:ATLA monograph preservation program ATLA fiche 1989-0919.
ATLA Historical Monographs Collection.
主题:
标签: 添加标签
没有标签, 成为第一个标记此记录!
LEADER 00698nam a2200217Ia 4500
001 002241663-3
005 20110602061804.0
008 901221s1910 nyu 00000 eng d
010 |a  10003339  
020 |a 0790576945 (microfiche) 
035 0 |a ocm02395259 
050 0 |a RZ400  |b .B76 
100 1 |a Brown, Charles Reynolds,  |d 1862-1950. 
245 1 0 |a Faith and health /  |c by Charles Reynolds Brown. 
260 |a New York :  |b T.Y. Crowell,  |c 1910. 
300 |a vi, 234 p. ;  |c 20 cm. 
650 0 |a Mental healing. 
830 0 |a ATLA monograph preservation program  |v ATLA fiche 1989-0919.  |5 div 
830 0 |a ATLA Historical Monographs Collection.  |n Series 2 (1894-1923).  |5 net 
988 |a 20020608 
906 |0 MH